Vedieť - chcieť - môcť

Absencia závažného fenoménu prosperity SR - manažmentu podnikov a firiem - v Programovom vyhlásení vlády SR z januára 1995. Tajomstvá úspechov podnikov svetovej úrovne a ich riadenia. Odporúčania pre tvorivú aplikáciu v podmienkach SR. Názory odborníkov na manažment (P.F. Drucker, Z. Souček).

Enregistré dans:
Détails bibliographiques
Auteur principal: Jemala, Ľubomír
Format: Chapitre de livre
Langue:slovaque
Sujets:
Tags: Ajouter un tag
Pas de tags, Soyez le premier à ajouter un tag!

MARC

LEADER 00000naa a2200000 4500
001 r024841
005 20221205102123.2
041 0 |a slo 
044 |a SK 
245 1 0 |a Vedieť - chcieť - môcť  |c Ľ. Jemala 
520 |a Absencia závažného fenoménu prosperity SR - manažmentu podnikov a firiem - v Programovom vyhlásení vlády SR z januára 1995. Tajomstvá úspechov podnikov svetovej úrovne a ich riadenia. Odporúčania pre tvorivú aplikáciu v podmienkach SR. Názory odborníkov na manažment (P.F. Drucker, Z. Souček). 
610 2 0 |a Slovensko 
610 2 0 |a 1995 
610 2 0 |a svet 
610 2 0 |a riadenie podnikové 
610 2 0 |a manažment 
610 2 0 |a mikroekonomika 
100 1 |a Jemala, Ľubomír